000 01378nam a2200313 a 4500
001 BRCA_3433
005 20190320204259.0
041 _aita
044 _ait
084 _a722
_b.S29
_c1738
100 1 _aCervantes Saavedra, Miguel de
_d1547-1616
_9213
245 1 0 _aDell´Ingegnoso Cittadino Don Chisciotte della Mancia
_cComposto da Michel di Cervantes Saavedra et hora nuovamente tradotta da Lorenzo Franciosini Fiorentino.
250 _a4
260 _aVenecia
_bPer Girolamo Savioni
_c1738
300 _a2 v.
_c13 cm.
500 _aContenido : v.1. Primera parte. Advertencia del traductor. Prólogo y licencia del autor. -- v.2. Segunda parte
500 _aEdición : In questa 4a. Impressione corretta, e migliorata con la Traduzione de´ versi Spagnuoli, non tradotti nella prima edizione
500 _aCuarta edición de la traducción de Franciosini, igual a la anterior. Pergamino Lúdovik Osterc
500 _aQM541
546 _aTexto en : italiano
650 1 4 _aNovela española
_yÉpoca clásica, 1500-1700
_9215
650 1 4 _aLiteratura española
_yÉpoca clásica, 1500-1700
_9216
650 1 4 _aNovela española
_ySiglo XVII
_9217
650 1 4 _aDon Quijote (Personaje ficticio)
_eNovela
_9218
700 1 _aFranciosini Fiorentino, Lorenzo
_eTraductor
_98993
740 0 _aEl Ingenioso Hidalgo Don Quijote de la Mancha
902 _aQFM
942 _2lcc
_cB
999 _c3169
_d3169